| 000 -LEADER |
| fixed length control field |
00789nam a22002057a 4500 |
| 003 - CONTROL NUMBER IDENTIFIER |
| control field |
OSt |
| 005 - DATE AND TIME OF LATEST TRANSACTION |
| control field |
20241127103713.0 |
| 008 - FIXED-LENGTH DATA ELEMENTS--GENERAL INFORMATION |
| fixed length control field |
241127b ||||| |||| 00| 0 eng d |
| 020 ## - INTERNATIONAL STANDARD BOOK NUMBER |
| International Standard Book Number |
9781398344396 |
| 040 ## - CATALOGING SOURCE |
| Transcribing agency |
KH8 |
| 082 ## - DEWEY DECIMAL CLASSIFICATION NUMBER |
| Classification number |
500 BEV |
| 100 ## - MAIN ENTRY--PERSONAL NAME |
| Personal name |
Bevan, David, |
| Relator term |
author. |
| 245 ## - TITLE STATEMENT |
| Title |
Cambridge International AS & A Level Chemistry : |
| Remainder of title |
Study and Revision Guide / |
| Statement of responsibility, etc. |
David Bevan. |
| 260 ## - PUBLICATION, DISTRIBUTION, ETC. |
| Place of publication, distribution, etc. |
Hodder ; |
| Name of publisher, distributor, etc. |
Hodder Education , |
| Date of publication, distribution, etc. |
2015. |
| 300 ## - PHYSICAL DESCRIPTION |
| Extent |
239 pages: |
| Other physical details |
illustrations ; |
| Dimensions |
30 cm. |
| 520 ## - SUMMARY, ETC. |
| Summary, etc. |
Stretch yourself to achieve the highest grades, with structured syllabus coverage, varied exam-style questions and annotated sample answers, to help you to build the essential skill set for exam success. |
| 650 ## - SUBJECT ADDED ENTRY--TOPICAL TERM |
| Topical term or geographic name entry element |
Study guide |
| 650 ## - SUBJECT ADDED ENTRY--TOPICAL TERM |
| Topical term or geographic name entry element |
Chemistry |
| Form subdivision |
revision guife |
| 942 ## - ADDED ENTRY ELEMENTS (KOHA) |
| Source of classification or shelving scheme |
|
| Koha item type |
Teaching Resources |